| 000 | 00799cab a2200241 4500 | ||
|---|---|---|---|
| 001 | ABS58166 | ||
| 008 | 090401t1998 xxu||||| |||| 00| 0 eng d | ||
| 035 | _a(Sirsi) u83471 | ||
| 041 | _aeng | ||
| 100 | _aJohnston, B. | ||
| 245 | _aRecycled proposals for derelict sites | ||
| 260 | _c1998 | ||
| 350 | _a0 | ||
| 490 |
_aPlanning (for the Natural and Built Environment) _v(1251) 16 January 1998, 9(1) |
||
| 520 | _aDiscusses the likely impact of a DoE Circular 2/98 to allow councils to charge landowners for clearing up sites in order to tackle dereliction and keep land in productive use. | ||
| 650 | _aDERELICT SITES | ||
| 650 | _aENFORCEMENT | ||
| 650 | _aLANDOWNERS | ||
| 650 | _aVACANT LAND | ||
| 690 | _aENVIRONMENTAL AND LAND CONSULTANCY | ||
| 942 | _n0 | ||
| 948 | _c02/02/1998 | ||
| 999 |
_c52721 _d52721 |
||